La que se avecina test (temp 2) - Estadísticas

Estadísticas generales
  • Esta prueba ha sido intentada 648 veces
  • La puntuación promedio es 12 de 13
Estadísticas de respuestas
Pregunta Respuesta % Correcto
A quien le llaman “el hombre cojín”?
99%
Quien abandonó a Enrique con una nota?
98%
Quien es el padre de Enrique?
98%
Quien es la prima sevillana de Raquel?
98%
A quien se le conoce como “ El cornudo de españa”?
97%
De quien es el hijo de Maite?
97%
A quien se le conocía como “ La chihuahua”?
97%
Quien es el novio de Álvaro Recio?
96%
Quien es la nueva inquilina de Antonio y Berta?
94%
Que vecina engaño a su marido con el vecino y termino con mochila?
91%
Quien creó el “Max & Henrry”?
79%
A cuál vecina le roban los yogures y la leche?
75%
Quien de estas NO forman parte de la pandi de marujas?
72%
No se encontraron pruebas coincidentes
Distribución de puntuación
Porcentaje de gente con cada puntuación
Porcentaje por número respondido
Historial de tus puntuaciones
No has intentado esta prueba.